LEADER 01400nam a2200325 a 4500 001 000000149329 003 CaOOAMICUS 005 20160211122337.0 008 160211s2010 it dk u000 u ita r 020 $z9788815131690* 032 $aLibriCat 040 $aPUL$bita 082 04$a303.48 100 1 $aBaroncelli, Eugenia.$0(OLS)http://pul/name/95229 245 10$aAlle radici della globalizzazione :$ble cause politiche del commercio internazionale /$cEugenia Baroncelli. 260 $aBologna :$bIl Mulino,$c©2010. 300 $a364 p. :$agrafici, formulari ;$c22 cm. 490 1 $aRicerca 504 $aBibliografia in nota. 650 4$aRelazioni internazionali.$0(OLS)http://pul/subject/27045 650 4$aGlobalizzazione.$0(OLS)http://pul/subject/38133 830 0$aRicerca (Il Mulino).$0(OLS)http://pul/title/4171 850 $aPUL 852 $aPUL$W1$xSL Diritto e Scienze Sociali 3$y79$m303. 48 BAREU 1$j171981$qDDC 21$B173572$CPULBib$Z2$F173572 $H127021 $81 941 1 $a9 996 $6020$z9788815131690*$9(OLS)http://pul/number/159641 996 $6082$a303.48$9(OLS)http://pul/classification/720 996 $6245$aAlle radici della globalizzazione :$ble cause politiche del commercio internazionale$9(OLS)http://pul/title/188266 996 $6260$aBologna :$bIl Mulino$9(OLS)http://pul/publisher/47928 LEADER 01177nam a2200241 a 4500 001 000000112281 003 CaOOAMICUS 005 20080702143713.0 008 080702s2005 it m 000 u ita r 040 $aPUL$bita$dLDB 100 1 $aZani, Angelo Vincenzo,$cvescovo,$d1950-$0(OLS)http://pul/name/69180 245 13$aLe sfide educative della nuova Europa :$bprospettive di politica culturale e orientamenti ecclesiastici /$cAngelo Vincenzo Zani. 260 $aRoma :$b[s.n.],$c2005. 300 $a572 p. ;$c21 cm 502 $aDiss. (Tesi) -- Pontificia Universitą Lateranense, Istituto Pastorale "Redemptor Hominis", 2005. 504 $aBibliografia: p. 530-559. 650 14$aEducazione$zEuropa$ySec. XXI.$0(OLS)http://pul/subject/34600 650 14$aChiesa cattolica e cultura.$0(OLS)http://pul/subject/29310 850 $aPUL 852 $aPUL$W1$xDP1 Tesi Pon Univ. Lateranense$y41$m2005 B 1$j94822$qTesi$B127388$CPULBib$Z2$F127388 $82 941 1 $a16 996 $6245$aLe sfide educative della nuova Europa :$bprospettive di politica culturale e orientamenti ecclesiastici$9(OLS)http://pul/title/141123 996 $6260$aRoma :$b[s.n.]$9(OLS)http://pul/publisher/47958